Vplyv reklamy na nákupné správanie spotrebiteľov diplomová práca

Salvato in:
Dettagli Bibliografici
Autore principale: Halaj, Jozef
Ente Autore: Obchodná fakulta EU. Katedra marketingu
Altri autori: Loydlová, Miroslava
Natura: Libro
Lingua:slovacco
Pubblicazione: Bratislava 2019
Tags: Aggiungi Tag
Nessun Tag, puoi essere il primo ad aggiungerne!!

MARC

LEADER 00000nbm a2200000 4500
001 0254098
005 20190704134231.0
041 0 |a slo 
044 |a SK 
245 1 0 |a Vplyv reklamy na nákupné správanie spotrebiteľov  |b diplomová práca  |c Jozef Halaj ; školiteľ: Miroslava Loydlová 
264 1 |a Bratislava  |c 2019 
300 |a 60 s. 
100 1 |a Halaj, Jozef 
700 1 |a Loydlová, Miroslava 
710 2 |a Obchodná fakulta EU. Katedra marketingu